[Event "DVM U12 2017"]
[Site "Magdeburg GER"]
[Date "2017.12.27"]
[Round "1"]
[White "Kogan, Gabriel"]
[Black "Schröder, Lennart"]
[Result "1/2-1/2"]
[Termination "normal"]
[Board "5.2"]
[WhiteElo "1418"]
[BlackElo "1635"]
[WhiteClock "01:04:56"]
[BlackClock "00:55:59"]
[WhiteTeam "SG Porz"]
[BlackTeam "SK Münster"]
[PlyCount "106"]
[WhiteFideId "16238265"]
[BlackFideId "16222490"]
[EventCountry "GER"]
[EventRounds "7"]
[EventType "team-swiss"]
[EventDate "2017.12.26"]

1. e4 {[%clk 1:30:58]} c5 {[%clk 1:30:55]} 2. c3 {[%clk 1:31:25]} Nf6 {[%clk
1:31:19]} 3. e5 {[%clk 1:31:46]} Nd5 {[%clk 1:31:42]} 4. d4 {[%clk 1:32:01]}
cxd4 {[%clk 1:31:55]} 5. cxd4 {[%clk 1:31:39]} d6 {[%clk 1:32:02]} 6. Nf3
{[%clk 1:31:34]} Nc6 {[%clk 1:31:48]} 7. Bb5 {[%clk 1:27:15]} Qa5+ {[%clk
1:31:11]} 8. Nc3 {[%clk 1:27:15]} Nxc3 {[%clk 1:31:25]} 9. Bxc6+ {[%clk
1:27:39]} bxc6 {[%clk 1:31:50]} 10. bxc3 {[%clk 1:28:01]} Qxc3+ {[%clk
1:31:56]} 11. Bd2 {[%clk 1:28:22]} Qd3 {[%clk 1:32:20]} 12. Qc1 {[%clk
1:26:34]} Qe4+ {[%clk 1:27:32]} 13. Be3 {[%clk 1:13:46]} Bg4 {[%clk 1:25:53]}
14. O-O {[%clk 1:11:25]} Bxf3 {[%clk 1:19:53]} 15. gxf3 {[%clk 1:11:46]} Qxf3
{[%clk 1:20:17]} 16. Re1 {[%clk 1:11:29]} e6 {[%clk 1:18:12]} 17. Qb2 {[%clk
1:11:12]} Qd5 {[%clk 1:09:42]} 18. Qb7 {[%clk 1:10:22]} c5 {[%clk 1:09:51]} 19.
Qxd5 {[%clk 1:09:39]} exd5 {[%clk 1:10:12]} 20. exd6 {[%clk 1:09:52]} c4 {[%clk
1:09:39]} 21. Bf4+ {[%clk 1:09:30]} Kd7 {[%clk 1:09:29]} 22. Re5 {[%clk
1:09:44]} Rb8 {[%clk 1:08:13]} 23. Rxd5 {[%clk 1:09:57]} Rb6 {[%clk 1:08:05]}
24. Rc5 {[%clk 1:10:07]} Bxd6 {[%clk 1:08:21]} 25. Bxd6 {[%clk 1:10:27]} Kxd6
{[%clk 1:08:44]} 26. Rxc4 {[%clk 1:10:51]} Rc6 {[%clk 1:07:43]} 27. Rac1 {[%clk
1:09:40]} Rhc8 {[%clk 1:07:29]} 28. Rxc6+ {[%clk 1:09:18]} Rxc6 {[%clk
1:07:52]} 29. Rb1 {[%clk 1:09:29]} Rb6 {[%clk 1:04:48]} 30. Re1 {[%clk
1:05:43]} Rb2 {[%clk 1:04:39]} 31. a3 {[%clk 1:06:06]} Rb3 {[%clk 1:05:05]} 32.
Re3 {[%clk 1:06:32]} Rb1+ {[%clk 1:04:14]} 33. Kg2 {[%clk 1:06:54]} Rd1 {[%clk
1:04:21]} 34. Re4 {[%clk 1:07:13]} f6 {[%clk 0:59:58]} 35. a4 {[%clk 1:01:41]}
Ra1 {[%clk 0:57:33]} 36. d5 {[%clk 1:00:22]} Rd1 {[%clk 0:55:03]} 37. Re6+
{[%clk 1:00:46]} Kxd5 {[%clk 0:52:10]} 38. Ra6 {[%clk 1:01:09]} Rd4 {[%clk
0:51:21]} 39. Rxa7 {[%clk 1:01:31]} Rg4+ {[%clk 0:51:40]} 40. Kf3 {[%clk
1:01:43]} Rg5 {[%clk 0:51:52]} 41. Ra5+ {[%clk 1:02:06]} Kc4 {[%clk 0:52:04]}
42. Rxg5 {[%clk 1:02:12]} fxg5 {[%clk 0:52:29]} 43. Kg4 {[%clk 1:02:37]} Kb4
{[%clk 0:52:43]} 44. Kxg5 {[%clk 1:03:03]} Kxa4 {[%clk 0:52:58]} 45. f4 {[%clk
1:03:25]} Kb5 {[%clk 0:53:20]} 46. f5 {[%clk 1:03:51]} Kc5 {[%clk 0:53:46]} 47.
f6 {[%clk 1:04:18]} gxf6+ {[%clk 0:54:08]} 48. Kxf6 {[%clk 1:04:45]} Kd5 {[%clk
0:54:26]} 49. Kg7 {[%clk 1:03:59]} h5 {[%clk 0:54:21]} 50. h4 {[%clk 1:04:16]}
Ke6 {[%clk 0:54:46]} 51. Kg6 {[%clk 1:04:42]} Ke7 {[%clk 0:55:09]} 52. Kxh5
{[%clk 1:04:35]} Kf8 {[%clk 0:55:34]} 53. Kg6 {[%clk 1:04:56]} Kg8 {[%clk
0:55:59]} 1/2-1/2

[Event "DVM U12 2017"]
[Site "Magdeburg GER"]
[Date "2017.12.27"]
[Round "1"]
[White "Tenbosch, Till Theo"]
[Black "Sabirov, Rafael"]
[Result "0-1"]
[Termination "normal"]
[Board "5.3"]
[WhiteElo "1030"]
[BlackElo "1470"]
[WhiteClock "00:32:15"]
[BlackClock "00:09:25"]
[WhiteTeam "SK Münster"]
[BlackTeam "SG Porz"]
[PlyCount "96"]
[WhiteFideId "16255461"]
[BlackFideId "16241185"]
[EventCountry "GER"]
[EventRounds "7"]
[EventType "team-swiss"]
[EventDate "2017.12.26"]

1. d4 {[%clk 1:30:59]} d5 {[%clk 1:30:52]} 2. Bf4 {[%clk 1:31:24]} Nf6 {[%clk
1:30:52]} 3. e3 {[%clk 1:31:36]} e6 {[%clk 1:30:36]} 4. Nf3 {[%clk 1:31:28]}
Nbd7 {[%clk 1:30:31]} 5. Bd3 {[%clk 1:30:59]} b6 {[%clk 1:30:09]} 6. Nbd2
{[%clk 1:31:04]} Bb7 {[%clk 1:29:40]} 7. h3 {[%clk 1:28:10]} Bd6 {[%clk
1:26:27]} 8. Ne5 {[%clk 1:23:55]} c5 {[%clk 1:15:59]} 9. c3 {[%clk 1:22:27]}
Qc7 {[%clk 1:13:07]} 10. Ndf3 {[%clk 1:20:41]} Ne4 {[%clk 1:02:20]} 11. Qc2
{[%clk 1:11:27]} f6 {[%clk 0:48:43]} 12. Nxd7 {[%clk 1:03:46]} Qxd7 {[%clk
0:46:53]} 13. Bxd6 {[%clk 0:57:15]} Qxd6 {[%clk 0:45:50]} 14. Nd2 {[%clk
0:55:27]} Nxd2 {[%clk 0:43:29]} 15. Qxd2 {[%clk 0:54:12]} c4 {[%clk 0:39:17]}
16. Be2 {[%clk 0:51:05]} b5 {[%clk 0:35:09]} 17. b3 {[%clk 0:49:33]} Rb8 {[%clk
0:30:43]} 18. Rb1 {[%clk 0:46:24]} Bc6 {[%clk 0:29:50]} 19. O-O {[%clk
0:44:30]} O-O {[%clk 0:30:00]} 20. Rb2 {[%clk 0:41:38]} Bd7 {[%clk 0:26:42]}
21. b4 {[%clk 0:37:35]} Ra8 {[%clk 0:26:43]} 22. a3 {[%clk 0:37:07]} a5 {[%clk
0:26:09]} 23. Ra2 {[%clk 0:32:43]} Qa6 {[%clk 0:22:52]} 24. Rfa1 {[%clk
0:28:58]} Ra7 {[%clk 0:20:47]} 25. Qb2 {[%clk 0:28:31]} Rfa8 {[%clk 0:18:36]}
26. Qb1 {[%clk 0:26:14]} g6 {[%clk 0:17:56]} 27. Qb2 {[%clk 0:24:42]} Kf7
{[%clk 0:18:06]} 28. Bd1 {[%clk 0:21:34]} e5 {[%clk 0:15:14]} 29. a4 {[%clk
0:20:39]} axb4 {[%clk 0:10:55]} 30. Qxb4 {[%clk 0:20:34]} Qa5 {[%clk 0:08:02]}
31. Bc2 {[%clk 0:13:32]} Qxb4 {[%clk 0:07:27]} 32. cxb4 {[%clk 0:13:50]} bxa4
{[%clk 0:07:49]} 33. Rb1 {[%clk 0:13:10]} Bb5 {[%clk 0:07:48]} 34. f4 {[%clk
0:11:06]} Ke6 {[%clk 0:06:58]} 35. g4 {[%clk 0:11:21]} exd4 {[%clk 0:03:18]}
36. exd4 {[%clk 0:11:25]} g5 {[%clk 0:02:03]} 37. Re1+ {[%clk 0:10:20]} Kd6
{[%clk 0:02:09]} 38. f5 {[%clk 0:10:31]} Re7 {[%clk 0:01:59]} 39. Rxe7 {[%clk
0:10:05]} Kxe7 {[%clk 0:02:23]} 40. Bd1 {[%clk 0:10:21]} Kd6 {[%clk 0:01:56]}
41. Kf2 {[%clk 0:09:30]} Re8 {[%clk 0:01:30]} 42. Bc2 {[%clk 0:08:09]} Kc6
{[%clk 0:19:12]} 43. Rxa4 {[%clk 0:35:30]} Kb6 {[%clk 0:15:29]} 44. Ra3 {[%clk
0:33:51]} Bc6 {[%clk 0:14:13]} 45. Kg3 {[%clk 0:31:26]} Kb5 {[%clk 0:11:41]}
46. Ba4+ {[%clk 0:31:31]} Kxb4 {[%clk 0:08:40]} 47. Bxc6 {[%clk 0:31:52]} Kxa3
{[%clk 0:09:00]} 48. Bxe8 {[%clk 0:32:15]} c3 {[%clk 0:09:25]} 0-1

[Event "DVM U12 2017"]
[Site "Magdeburg GER"]
[Date "2017.12.27"]
[Round "1"]
[White "Kazimov, Alis"]
[Black "Weidemann, Jakob"]
[Result "1-0"]
[Termination "normal"]
[Board "5.4"]
[WhiteElo "1495"]
[BlackElo "963"]
[WhiteTeam "SG Porz"]
[BlackTeam "SK Münster"]
[PlyCount "87"]
[WhiteFideId "16255348"]
[BlackFideId "16255470"]
[EventCountry "GER"]
[EventRounds "7"]
[EventType "team-swiss"]
[EventDate "2017.12.26"]

1. e4 e5 2. f4 d6 3. Nf3 Nc6 4. h3 h5 5. d3 g6 6. Nc3 Bg7 7. Be2 Nf6 8. g3 Be6
9. Be3 Qe7 10. Qd2 b6 11. O-O-O a5 12. d4 Rd8 13. d5 Bd7 14. dxc6 Bxc6 15. Bd3
O-O 16. Qe2 Ne8 17. g4 d5 18. exd5 Bxd5 19. Nxd5 Rxd5 20. fxe5 Bxe5 21. Nxe5
Rxe5 22. Rde1 Nf6 23. Qd2 Rd8 24. Bg5 Rdd5 25. gxh5 Qd8 26. Rxe5 Rxe5 27. Bxf6
Qxf6 28. hxg6 fxg6 29. Rg1 Rf5 30. Bxf5 Qxf5 31. Qg5 Qxg5+ 32. Rxg5 Kg7 33. h4
Kh6 34. Rd5 Kh7 35. Rd7+ Kh6 36. Rxc7 Kh5 37. Rc6 b5 38. Rc5+ Kxh4 39. Rxb5 g5
40. Rxa5 g4 41. Ra8 g3 42. Rg8 Kh3 43. Kd2 g2 44. Ke1 1-0

[Event "DVM U12 2017"]
[Site "Magdeburg GER"]
[Date "2017.12.27"]
[Round "1"]
[White "Hommer, Jeremy"]
[Black "Lauterbach, Kolja"]
[Result "1/2-1/2"]
[Termination "normal"]
[Board "6.1"]
[WhiteElo "1975"]
[BlackElo "1683"]
[WhiteClock "00:49:05"]
[BlackClock "01:29:28"]
[WhiteTeam "SC Turm Lüneburg"]
[BlackTeam "SK Freiburg-Zähringen"]
[PlyCount "118"]
[WhiteFideId "12992577"]
[BlackFideId "16235916"]
[EventCountry "GER"]
[EventRounds "7"]
[EventType "team-swiss"]
[EventDate "2017.12.26"]

1. Nf3 {[%clk 1:30:58]} c6 {[%clk 1:30:50]} 2. d3 {[%clk 1:31:18]} d5 {[%clk
1:31:14]} 3. Nbd2 {[%clk 1:31:39]} Nf6 {[%clk 1:31:20]} 4. g3 {[%clk 1:31:21]}
Bf5 {[%clk 1:31:36]} 5. Bg2 {[%clk 1:31:36]} e6 {[%clk 1:31:52]} 6. c3 {[%clk
1:25:16]} Be7 {[%clk 1:30:42]} 7. O-O {[%clk 1:25:09]} h6 {[%clk 1:31:00]} 8.
Re1 {[%clk 1:22:34]} Nbd7 {[%clk 1:30:00]} 9. e4 {[%clk 1:19:40]} dxe4 {[%clk
1:29:58]} 10. dxe4 {[%clk 1:19:29]} Bh7 {[%clk 1:30:17]} 11. Re2 {[%clk
1:18:19]} O-O {[%clk 1:30:22]} 12. Qe1 {[%clk 1:18:02]} Nc5 {[%clk 1:30:28]}
13. e5 {[%clk 1:15:55]} Nd3 14. Qd1 {[%clk 1:13:45]} Nd7 {[%clk 1:28:00]} 15.
Nc4 {[%clk 1:10:09]} Qc7 {[%clk 1:27:29]} 16. Re3 {[%clk 1:05:32]} b5 {[%clk
1:23:44]} 17. Na3 {[%clk 1:04:40]} N3xe5 {[%clk 1:23:46]} 18. Re2 {[%clk
1:03:18]} Rad8 {[%clk 1:20:54]} 19. Bf4 {[%clk 1:02:04]} Nxf3+ {[%clk 1:20:43]}
20. Bxf3 {[%clk 1:01:21]} Ne5 {[%clk 1:20:37]} 21. Rd2 {[%clk 0:58:23]} Rxd2
{[%clk 1:20:53]} 22. Bxd2 {[%clk 0:58:03]} Nxf3+ {[%clk 1:21:10]} 23. Qxf3
{[%clk 0:58:13]} Rd8 {[%clk 1:21:07]} 24. Rd1 {[%clk 0:55:58]} Qd7 {[%clk
1:20:44]} 25. c4 {[%clk 0:54:18]} Bg5 {[%clk 1:20:48]} 26. Qe2 {[%clk 0:51:23]}
b4 {[%clk 1:20:55]} 27. Nb1 {[%clk 0:50:21]} Bxb1 {[%clk 1:21:15]} 28. Rxb1
{[%clk 0:50:35]} Qxd2 {[%clk 1:21:29]} 29. Qxd2 {[%clk 0:50:22]} Rxd2 {[%clk
1:20:08]} 30. Kf1 {[%clk 0:50:12]} Bf6 {[%clk 1:20:28]} 31. Ke1 {[%clk
0:49:19]} Rxb2 {[%clk 1:20:41]} 32. Rxb2 {[%clk 0:49:11]} Bxb2 {[%clk 1:20:57]}
33. Kd2 Bc3+ 34. Kc2 {[%clk 0:48:55]} Kh7 {[%clk 1:21:12]} 35. a3 {[%clk
0:48:55]} a5 {[%clk 1:21:22]} 36. f3 {[%clk 0:49:04]} Kg6 {[%clk 1:21:40]} 37.
f4 {[%clk 0:48:11]} Kf5 {[%clk 1:21:57]} 38. axb4 {[%clk 0:45:53]} axb4 {[%clk
1:22:17]} 39. Kb3 {[%clk 0:46:12]} c5 {[%clk 1:22:32]} 40. Kc2 {[%clk 0:45:48]}
Kg4 {[%clk 1:22:44]} 41. Kb3 {[%clk 0:45:37]} Kh3 {[%clk 1:23:09]} 42. Kc2
{[%clk 0:45:56]} Kxh2 {[%clk 1:23:33]} 43. g4 {[%clk 0:46:12]} Kg3 {[%clk
1:23:55]} 44. g5 {[%clk 0:45:54]} Kxf4 {[%clk 1:24:13]} 45. gxh6 {[%clk
0:46:17]} gxh6 {[%clk 1:24:33]} 46. Kb3 {[%clk 0:46:34]} h5 {[%clk 1:24:49]}
47. Kc2 {[%clk 0:46:26]} h4 {[%clk 1:25:14]} 48. Kb3 {[%clk 0:47:04]} h3 {[%clk
1:25:41]} 49. Kc2 {[%clk 0:47:25]} h2 {[%clk 1:26:05]} 50. Kb3 {[%clk 0:47:47]}
h1=Q {[%clk 1:26:27]} 51. Kc2 {[%clk 0:48:05]} Qg2+ {[%clk 1:26:51]} 52. Kb3
{[%clk 0:48:25]} Qb2+ {[%clk 1:27:15]} 53. Ka4 {[%clk 0:48:40]} Qa3+ {[%clk
1:27:41]} 54. Kb5 b3 55. Kc6 {[%clk 0:48:38]} b2 {[%clk 1:28:04]} 56. Kd7
{[%clk 0:48:45]} b1=Q 57. Kc6 {[%clk 0:48:34]} Qa6+ {[%clk 1:28:46]} 58. Kd7
{[%clk 0:48:43]} Qbb7+ {[%clk 1:29:06]} 59. Kd8 {[%clk 0:49:05]} Qaa8# {[%clk
1:29:28]} 1/2-1/2

[Event "DVM U12 2017"]
[Site "Magdeburg GER"]
[Date "2017.12.27"]
[Round "1"]
[White "Straub, Benno"]
[Black "Wusterack, Paul"]
[Result "1-0"]
[Termination "normal"]
[Board "6.2"]
[WhiteElo "1492"]
[BlackElo "1432"]
[WhiteClock "01:18:57"]
[BlackClock "00:35:00"]
[WhiteTeam "SK Freiburg-Zähringen"]
[BlackTeam "SC Turm Lüneburg"]
[PlyCount "75"]
[WhiteFideId "16255488"]
[BlackFideId "16255356"]
[EventCountry "GER"]
[EventRounds "7"]
[EventType "team-swiss"]
[EventDate "2017.12.26"]

1. c4 {[%clk 1:30:57]} e5 {[%clk 1:30:43]} 2. Nc3 {[%clk 1:31:22]} Bc5 {[%clk
1:30:50]} 3. g3 {[%clk 1:31:45]} Nf6 {[%clk 1:30:33]} 4. Bg2 {[%clk 1:32:00]}
O-O {[%clk 1:29:09]} 5. e3 {[%clk 1:32:18]} Nc6 {[%clk 1:28:26]} 6. Nge2 {[%clk
1:32:41]} d6 {[%clk 1:27:54]} 7. O-O {[%clk 1:33:00]} Bg4 {[%clk 1:27:00]} 8.
h3 {[%clk 1:31:43]} Bh5 {[%clk 1:26:49]} 9. a3 {[%clk 1:31:44]} a5 {[%clk
1:26:02]} 10. Rb1 {[%clk 1:31:35]} Bg6 {[%clk 1:24:32]} 11. d3 {[%clk 1:30:11]}
Re8 {[%clk 1:21:04]} 12. e4 {[%clk 1:29:15]} Nd4 {[%clk 1:17:08]} 13. Bg5
{[%clk 1:27:08]} c6 {[%clk 1:12:24]} 14. Nxd4 {[%clk 1:24:49]} Bxd4 {[%clk
1:11:56]} 15. Qb3 {[%clk 1:23:05]} Re7 {[%clk 1:08:49]} 16. Bxf6 {[%clk
1:21:57]} gxf6 {[%clk 1:08:08]} 17. Ne2 {[%clk 1:20:59]} c5 {[%clk 1:06:13]}
18. Nc3 {[%clk 1:20:40]} Rd7 {[%clk 1:03:56]} 19. Nd5 {[%clk 1:20:50]} Ra6
{[%clk 1:01:36]} 20. Qb5 {[%clk 1:19:54]} f5 {[%clk 0:59:47]} 21. Qxd7 {[%clk
1:18:54]} Qxd7 {[%clk 0:50:35]} 22. Nf6+ {[%clk 1:19:15]} Kf8 {[%clk 0:50:52]}
23. Nxd7+ {[%clk 1:19:39]} Ke7 {[%clk 0:50:41]} 24. exf5 {[%clk 1:19:51]} Bxf5
{[%clk 0:49:54]} 25. Bxb7 {[%clk 1:19:01]} Ra7 {[%clk 0:49:52]} 26. Bc6 {[%clk
1:17:45]} Bxh3 {[%clk 0:46:37]} 27. Nb6 {[%clk 1:17:38]} Ra6 {[%clk 0:44:46]}
28. Nd5+ {[%clk 1:18:00]} Kd8 {[%clk 0:43:03]} 29. Bb5 {[%clk 1:18:22]} Ra7
{[%clk 0:42:33]} 30. Rfe1 {[%clk 1:18:27]} f5 {[%clk 0:38:38]} 31. Kh2 {[%clk
1:18:11]} Bxf2 {[%clk 0:36:54]} 32. Kxh3 {[%clk 1:18:30]} Bxe1 {[%clk 0:37:01]}
33. Rxe1 {[%clk 1:18:55]} Rg7 {[%clk 0:36:45]} 34. Rf1 {[%clk 1:18:30]} Rg5
{[%clk 0:35:46]} 35. Kh4 {[%clk 1:18:43]} Rg4+ {[%clk 0:35:42]} 36. Kh5 {[%clk
1:18:34]} Rxg3 {[%clk 0:35:31]} 37. Rxf5 {[%clk 1:18:57]} Rxd3 {[%clk 0:35:00]}
38. Rf8# 1-0

[Event "DVM U12 2017"]
[Site "Magdeburg GER"]
[Date "2017.12.27"]
[Round "1"]
[White "Bildat, Emilia"]
[Black "Tolstorukova, Amelie"]
[Result "1-0"]
[Termination "normal"]
[Board "6.3"]
[WhiteElo "1395"]
[BlackElo "1223"]
[WhiteClock "01:30:36"]
[BlackClock "00:14:07"]
[WhiteTeam "SC Turm Lüneburg"]
[BlackTeam "SK Freiburg-Zähringen"]
[PlyCount "82"]
[WhiteFideId "16218140"]
[BlackFideId "16255496"]
[EventCountry "GER"]
[EventRounds "7"]
[EventType "team-swiss"]
[EventDate "2017.12.26"]

1. e4 {[%clk 1:30:58]} e5 {[%clk 1:30:58]} 2. f4 {[%clk 1:31:21]} exf4 {[%clk
1:31:21]} 3. Nf3 {[%clk 1:31:47]} d5 {[%clk 1:31:34]} 4. exd5 {[%clk 1:31:54]}
Nf6 {[%clk 1:31:59]} 5. Nc3 {[%clk 1:32:11]} Nxd5 {[%clk 1:31:02]} 6. Nxd5
{[%clk 1:32:34]} Qxd5 {[%clk 1:31:27]} 7. d4 {[%clk 1:32:48]} Nc6 {[%clk
1:25:43]} 8. c4 {[%clk 1:31:56]} Qe4+ {[%clk 1:17:31]} 9. Qe2 {[%clk 1:32:03]}
Qxe2+ {[%clk 1:17:42]} 10. Bxe2 {[%clk 1:32:15]} Bb4+ {[%clk 1:18:03]} 11. Kf2
{[%clk 1:32:37]} Bg4 {[%clk 1:09:26]} 12. a3 {[%clk 1:31:39]} Be7 {[%clk
1:06:15]} 13. Bxf4 {[%clk 1:31:31]} O-O-O {[%clk 1:02:16]} 14. d5 {[%clk
1:31:23]} Bc5+ {[%clk 0:59:43]} 15. Kg3 {[%clk 1:31:36]} Bxf3 {[%clk 0:54:54]}
16. Bxf3 {[%clk 1:32:00]} Nd4 {[%clk 0:54:29]} 17. Bg4+ {[%clk 1:32:25]} f5
{[%clk 0:54:55]} 18. Bf3 {[%clk 1:32:15]} h6 {[%clk 0:44:31]} 19. b4 {[%clk
1:32:28]} Nxf3 {[%clk 0:39:19]} 20. Kxf3 {[%clk 1:30:50]} Bd4 {[%clk 0:37:22]}
21. Rad1 {[%clk 1:31:13]} Bf6 {[%clk 0:36:21]} 22. Rhe1 {[%clk 1:30:34]} g5
{[%clk 0:32:22]} 23. Re6 {[%clk 1:30:25]} Bd4 {[%clk 0:32:08]} 24. Rxd4 {[%clk
1:30:35]} gxf4 {[%clk 0:32:21]} 25. Rxf4 {[%clk 1:30:59]} Rdf8 {[%clk 0:32:23]}
26. Re5 {[%clk 1:31:14]} Rd8 {[%clk 0:22:01]} 27. Rexf5 {[%clk 1:31:30]} b5
{[%clk 0:21:05]} 28. c5 {[%clk 1:31:23]} Kb7 {[%clk 0:19:37]} 29. g4 {[%clk
1:30:52]} Rhg8 {[%clk 0:17:53]} 30. Rh5 {[%clk 1:28:50]} Rg6 {[%clk 0:17:22]}
31. Rf7 {[%clk 1:28:20]} Ra6 {[%clk 0:16:53]} 32. d6 {[%clk 1:27:55]} Rxa3+
{[%clk 0:16:56]} 33. Kg2 {[%clk 1:28:18]} Ra2+ {[%clk 0:15:57]} 34. Kh3 {[%clk
1:28:41]} Ra3+ {[%clk 0:15:21]} 35. Kh4 {[%clk 1:29:06]} Ra2 {[%clk 0:15:44]}
36. Rxc7+ {[%clk 1:29:26]} Kb8 {[%clk 0:15:53]} 37. h3 {[%clk 1:29:48]} Rb2
{[%clk 0:14:56]} 38. Rxh6 {[%clk 1:29:58]} Rxb4 {[%clk 0:15:08]} 39. Rhh7
{[%clk 1:30:18]} Ra4 {[%clk 0:13:46]} 40. Rb7+ {[%clk 1:30:26]} Ka8 {[%clk
0:14:07]} 41. c6 {[%clk 1:30:36]} Rh8 1-0

[Event "DVM U12 2017"]
[Site "Magdeburg GER"]
[Date "2017.12.27"]
[Round "1"]
[White "Trimpin, Fynn"]
[Black "Helms, Finn"]
[Result "0-1"]
[Termination "normal"]
[Board "6.4"]
[WhiteElo "1028"]
[BlackElo "1419"]
[WhiteClock "00:11:20"]
[BlackClock "01:11:58"]
[WhiteTeam "SK Freiburg-Zähringen"]
[BlackTeam "SC Turm Lüneburg"]
[PlyCount "102"]
[WhiteFideId "16255500"]
[BlackFideId "16249143"]
[EventCountry "GER"]
[EventRounds "7"]
[EventType "team-swiss"]
[EventDate "2017.12.26"]

1. d4 {[%clk 1:30:56]} f5 {[%clk 1:30:54]} 2. Nf3 {[%clk 1:28:50]} Nf6 {[%clk
1:31:13]} 3. e3 {[%clk 1:27:17]} g6 {[%clk 1:31:34]} 4. b3 {[%clk 1:26:29]} Bg7
{[%clk 1:31:50]} 5. Bb2 {[%clk 1:26:38]} O-O {[%clk 1:32:03]} 6. Be2 {[%clk
1:25:57]} d6 {[%clk 1:32:17]} 7. O-O {[%clk 1:25:11]} Nc6 {[%clk 1:32:12]} 8.
c4 {[%clk 1:24:11]} e5 {[%clk 1:30:14]} 9. dxe5 {[%clk 1:17:46]} dxe5 {[%clk
1:30:35]} 10. Nxe5 {[%clk 1:16:48]} Qxd1 {[%clk 1:30:55]} 11. Rxd1 {[%clk
1:16:56]} Nd7 {[%clk 1:31:20]} 12. Nd3 {[%clk 1:17:04]} Nde5 {[%clk 1:30:13]}
13. Nxe5 {[%clk 1:16:41]} Nxe5 {[%clk 1:30:35]} 14. Nc3 {[%clk 1:17:00]} Be6
{[%clk 1:30:01]} 15. Kf1 {[%clk 1:16:23]} f4 {[%clk 1:30:12]} 16. exf4 {[%clk
0:50:14]} Rxf4 {[%clk 1:30:30]} 17. Nd5 {[%clk 0:48:02]} Bxd5 {[%clk 1:30:37]}
18. Rxd5 {[%clk 0:48:01]} Re8 {[%clk 1:27:03]} 19. Rad1 {[%clk 0:43:57]} Bf6
{[%clk 1:25:10]} 20. Ba1 {[%clk 0:37:54]} Re4 {[%clk 1:20:13]} 21. Bxe5 {[%clk
0:30:21]} R4xe5 {[%clk 1:20:12]} 22. Bf3 {[%clk 0:30:22]} c6 {[%clk 1:19:59]}
23. Rd7 {[%clk 0:30:47]} R5e7 {[%clk 1:20:15]} 24. Bg4 {[%clk 0:28:10]} Bc3
{[%clk 1:19:36]} 25. g3 {[%clk 0:26:59]} Kf8 {[%clk 1:19:37]} 26. Kg2 {[%clk
0:24:04]} h5 {[%clk 1:19:13]} 27. Bf3 {[%clk 0:23:34]} Rxd7 {[%clk 1:19:21]}
28. Rxd7 {[%clk 0:23:37]} Re7 {[%clk 1:19:43]} 29. Rd6 {[%clk 0:23:18]} Kf7
{[%clk 1:19:41]} 30. h3 Be5 {[%clk 1:14:55]} 31. Rd8 {[%clk 0:22:25]} Re6
{[%clk 1:14:24]} 32. Ra8 {[%clk 0:20:02]} Bd4 {[%clk 1:13:56]} 33. Rd8 {[%clk
0:19:27]} Be5 {[%clk 1:14:03]} 34. Be4 {[%clk 0:18:07]} Rd6 {[%clk 1:12:53]}
35. Rxd6 {[%clk 0:17:52]} Bxd6 {[%clk 1:13:15]} 36. Kf3 {[%clk 0:17:59]} Kf6
{[%clk 1:13:27]} 37. Ke3 {[%clk 0:16:55]} g5 {[%clk 1:13:40]} 38. Kd4 {[%clk
0:16:10]} b6 {[%clk 1:12:19]} 39. Bxc6 {[%clk 0:15:36]} Bc5+ {[%clk 1:12:39]}
40. Kd5 {[%clk 0:16:00]} Bxf2 {[%clk 1:13:00]} 41. g4 {[%clk 0:16:21]} hxg4
{[%clk 1:13:09]} 42. hxg4 {[%clk 0:16:50]} Bc5 {[%clk 1:13:27]} 43. Bd7 {[%clk
0:16:10]} a5 {[%clk 1:13:17]} 44. Kc6 {[%clk 0:16:36]} Ke5 {[%clk 1:13:21]} 45.
a3 {[%clk 0:14:29]} Kd4 {[%clk 1:13:37]} 46. Kb5 {[%clk 0:11:57]} Kc3 {[%clk
1:13:21]} 47. Ka4 {[%clk 0:11:54]} Kd4 {[%clk 1:13:32]} 48. b4 {[%clk 0:10:49]}
axb4 {[%clk 1:13:06]} 49. axb4 {[%clk 0:11:17]} Be7 {[%clk 1:12:58]} 50. Kb5
{[%clk 0:11:13]} Bd6 {[%clk 1:11:56]} 51. Be6 {[%clk 0:11:20]} Be7 {[%clk
1:11:58]} 0-1

[Event "DVM U12 2017"]
[Site "Magdeburg GER"]
[Date "2017.12.27"]
[Round "1"]
[White "Strehse, Nelson"]
[Black "Duduka, Artem"]
[Result "1-0"]
[Termination "normal"]
[Board "7.1"]
[WhiteElo "1172"]
[BlackElo "1601"]
[WhiteTeam "Klub Kölner SF"]
[BlackTeam "SF Nordost Berlin"]
[PlyCount "129"]
[WhiteFideId "16228898"]
[BlackFideId "14194805"]
[EventCountry "GER"]
[EventRounds "7"]
[EventType "team-swiss"]
[EventDate "2017.12.26"]

1. e4 e5 2. Nf3 Nc6 3. Bc4 Nf6 4. d3 Be7 5. Nbd2 O-O 6. O-O Re8 7. Re1 d6 8. c3
Bg4 9. h3 Bh5 10. Nf1 d5 11. exd5 Nxd5 12. Ng3 Bxf3 13. Qxf3 Nf6 14. Ne4 a6 15.
Nxf6+ Bxf6 16. Qd5 Qxd5 17. Bxd5 Rad8 18. Be4 g6 19. f4 Bg7 20. fxe5 Nxe5 21.
Bf4 c6 22. Bxe5 Rxe5 23. d4 Re6 24. Bf3 Rde8 25. Kf1 Kf8 26. Rxe6 Rxe6 27. Re1
Ke7 28. Rxe6+ Kxe6 29. Ke2 f5 30. Kd3 Bf8 31. Kc4 Kd6 32. b4 Be7 33. a4 b5+ 34.
axb5 cxb5+ 35. Kb3 Kc7 36. c4 Bf6 37. d5 bxc4+ 38. Kxc4 Kd6 39. Kb3 Ke5 40. Ka4
Bd8 41. b5 a5 42. Kb3 Kf4 43. d6 g5 44. Kc4 g4 45. hxg4 fxg4 46. Bxg4 Kxg4 47.
Kc5 Kg3 48. b6 a4 49. b7 Kxg2 50. b8=Q Bf6 51. Qa8+ Kg3 52. Qxa4 h5 53. Qb3+
Kg4 54. d7 h4 55. Qg8+ Kf3 56. Qf8 h3 57. Qxf6+ Kg2 58. Qh6 h2 59. Qxh2+ Kf3
60. d8=R Ke4 61. Qe2+ Kf5 62. Rf8+ Kg6 63. Qg2+ Kh7 64. Rg8 Kh6 65. Qg6# 1-0

[Event "DVM U12 2017"]
[Site "Magdeburg GER"]
[Date "2017.12.27"]
[Round "1"]
[White "Gutewort, Paul Emil"]
[Black "Thürbach, Peter"]
[Result "1-0"]
[Termination "normal"]
[Board "7.2"]
[WhiteElo "1549"]
[BlackElo "1151"]
[WhiteTeam "SF Nordost Berlin"]
[BlackTeam "Klub Kölner SF"]
[PlyCount "41"]
[WhiteFideId "16204182"]
[BlackFideId "16249097"]
[EventCountry "GER"]
[EventRounds "7"]
[EventType "team-swiss"]
[EventDate "2017.12.26"]

1. d4 d5 2. c4 e6 3. Nc3 Nf6 4. Nf3 Be7 5. Bf4 b6 6. e3 Bb7 7. Be2 O-O 8. O-O
Re8 9. Rc1 Nc6 10. cxd5 Nxd5 11. Nxd5 Qxd5 12. Bc4 Qd7 13. Bb5 a6 14. Ne5 Qd5
15. Bxc6 Bxc6 16. Nxc6 Bd6 17. Bxd6 Qxd6 18. Ne5 Red8 19. Rc6 Qe7 20. Qc2 Ra7
21. Rc3 1-0

[Event "DVM U12 2017"]
[Site "Magdeburg GER"]
[Date "2017.12.27"]
[Round "1"]
[White "Tugui, David"]
[Black "Reichmann, Felix"]
[Result "0-1"]
[Termination "normal"]
[Board "7.3"]
[WhiteElo "1168"]
[BlackElo "1628"]
[WhiteTeam "Klub Kölner SF"]
[BlackTeam "SF Nordost Berlin"]
[PlyCount "56"]
[WhiteFideId "16255518"]
[BlackFideId "16238290"]
[EventCountry "GER"]
[EventRounds "7"]
[EventType "team-swiss"]
[EventDate "2017.12.26"]

1. e4 c5 2. Nf3 Nc6 3. d4 cxd4 4. Nxd4 g6 5. Nc3 Bg7 6. Be3 Nf6 7. f3 O-O 8.
Qd2 d5 9. O-O-O Qa5 10. Nb3 Qd8 11. Nxd5 Be6 12. h4 Qc8 13. Kb1 Nxd5 14. exd5
Rd8 15. c4 Bf5+ 16. Ka1 Ne5 17. Rc1 e6 18. g4 Nxf3 19. Qg2 Be4 20. Bd3 Bxd3 21.
Qxf3 Bxc4 22. dxe6 Qxe6 23. Nd4 Bxd4 24. Bxd4 Rxd4 25. Qc3 Rad8 26. Rhe1 Qd5
27. Qc2 Bxa2 28. b3 Bxb3 0-1